| 000 | 01280nam a2200337 a 4500 | ||
|---|---|---|---|
| 001 | ebr10419379 | ||
| 003 | CaPaEBR | ||
| 006 | m u | ||
| 007 | cr cn||||||||| | ||
| 008 | 090211s2010 njua sb 001 0 eng | ||
| 010 | _z 2009005621 | ||
| 020 | _z9780470137987 (cloth) | ||
| 020 | _z0470137983 (cloth) | ||
| 040 |
_aCaPaEBR _cCaPaEBR |
||
| 035 | _a(OCoLC)663460915 | ||
| 050 | 1 | 4 |
_aQD281.P6 _bH36 2010eb |
| 082 | 0 | 4 |
_a668.9/2 _222 |
| 245 | 0 | 0 |
_aHandbook of transition metal polymerization catalysts _h[electronic resource] / _cedited by Ray Hoff, Robert T. Mathers. |
| 260 |
_aHoboken, N.J. : _bWiley, _cc2010. |
||
| 300 |
_axxi, 575 p. : _bill. |
||
| 504 | _aIncludes bibliographical references and index. | ||
| 533 |
_aElectronic reproduction. _bPalo Alto, Calif. : _cebrary, _d2013. _nAvailable via World Wide Web. _nAccess may be limited to ebrary affiliated libraries. |
||
| 650 | 0 | _aPolymerization. | |
| 650 | 0 | _aTransition metal catalysts. | |
| 650 | 0 | _aMetathesis (Chemistry) | |
| 655 | 7 |
_aElectronic books. _2local |
|
| 700 | 1 | _aHoff, Raymond E. | |
| 700 | 1 | _aMathers, Robert T. | |
| 710 | 2 | _aebrary, Inc. | |
| 856 | 4 | 0 |
_uhttp://site.ebrary.com/lib/rucke/Doc?id=10419379 _zAn electronic book accessible through the World Wide Web; click to view |
| 999 |
_c83887 _d83887 |
||